04634nam a2200361 a 4500003000500000005001700005007000300022008004100025040000800066100002200074240013900096245014200235264004200377300009500419336002700514337002900541338003900570502004400609504004100653520165100694520141602345650002003761650005003781650004403831650004403875650004803919650003803967650003704005700005504042700005504097700004404152856007604196CHAP20230906102450.0ta230712s2021 mx ado|fom||| 001 0 spa d erda1 aBonnet, Kassandra10aPhysicochemical, biological and tecnofunctional characterization of huitlacoche protein isolate (Ustilago maydis DC CORDA).lEspañol10aCaracterización fisicoquímica y funcional del aislado de proteína del huitlacoche (Ustilago maydis D.C. CORDA) / cKassandra Bonnet aChapingo, México :bEl autor,c2021 a1 recurso en línea (en varias paginaciones) : bilustraciones, gráficas, tablas, fotos 2rdacontentatextobtxt 2rdamediaacomputadorabc 2rdacarrierarecurso en líneabcr aTesis bMCTAcAgroindustriasd2021gMAE aIncluye referencias bibliográficas3 aSe aisló proteína de huitlacoche para su caracterización fisicoquímica, biológica y tecnofuncional. El aislado de proteína de huitlacoche (APH) se obtuvo mediante una extracción a pH 10, seguida de precipitación a pH 3.5 y estuvo formado por proteínas en un rango de peso molecular entre 15 – 41 kDa. Aislados de proteína de huitlacoche crudo (APH), cocido (APHc) y frito (APHf) se sometieron a un proceso de digestión in vitro y se evaluó su digestibilidad relativa, los contenidos de compuestos fenólicos totales (CFT) y flavonoides totales (FT), así como el potencial antioxidante empleando los radicales libres DPPH y ABTS. El APHf presentó una mayor digestibilidad (83.0 ± 0.2 %) en comparación con el APH (70.67 ± 0.79 %) y el APHc (75.23 ± 0.16 %). La actividad de captación de los radicales DPPH y ABTS estuvo relacionada con el contenido de CFT y FT. La actividad antioxidante y el contenido de CFT y FT fueron afectados negativamente por el tratamiento térmico (cocción y fritura) y positivamente por la hidrólisis enzimática por las enzimas digestivas. La proteína de huitlacoche fue rica en aminoácidos esenciales y en cuanto a aminoácidos no esenciales, se destacaron la alanina, ácido glutámico y ácido aspártico que fueron predominantes y que propician propiedades tecnofuncionales importantes. El APH demostró una elevada capacidad de retención de agua, así como una capacidad y estabilidad de formación de espuma prometedora para su uso como ingrediente en matrices alimenticias. Los resultados demostraron el potencial nutracéutico y tecnofuncional del APH.3 aHuitlacoche protein was isolated for its physicochemical, biological and technofunctional characterization. Huitlacoche protein isolate (APH) was obtained by a protein extraction at pH 10, followed by a precipitation at pH 3.5, and it was made up of proteins in a molecular weight range of 15 – 41 kDa. Huitlacoche protein isolates from raw (APH), cooked (APHc) and fried (APHf) huitlacoche were subjected to an in vitro digestion process and the relative digestibility, total phenolic (CFT) and flavonoids (FT) content, as well as the antioxidant properties using the free DPPH and ABTS radicals were evaluated. APHf showed higher digestibility (83.0 ± 0.2 %) compared to APH (70.67 ± 0.79 %) and APHc (75.23 ± 0.16 %). DPPH and ABTS radical scavenging activity was directly related to CFT and FT content. The antioxidant activity and CFT and FT content were all affected negatively by heat treatment (cooking and frying) and positively by enzymatic hydrolysis by digestive enzymes. Huitlacoche protein was rich in essential amino acids, and some no essential amino acids as alanine, glutamic acid and aspartic acid were predominant and provided important technofunctional properties. APH showed a high-water holding capacity, as well as a foaming capacity and stability promising for use as an ingredient in food matrices. The results demonstrated the nutraceutical and technofunctional potential of APH.13aUstilago zeae 13aUstilago zeae xPropiedades fisicoquímicas13aUstilago zeae xAislado de proteínas13aUstilago zeae xProteínas fúngicas13aUstilago zeae xPhysicochemical properties13aUstilago zeae xProtein isolates13aUstilago zeae xFungal proteins1 aLobato Calleros, Consuelo Silvia Oliviaedirectora1 aHernández Rodríguez, Blanca Elizabetheasesora1 aHernández Rodríguez, Landyeasesora42yDESCARGAR PDFuhttp://10.13.5.2/tesis/tm/1912733-5_KASSANDRA_BONNET.pdf